Trainspotting 2 - Choose life monologue - Statistics

General Stats
  • This quiz has been taken 34 times
  • The average score is 125 of 362
Answer Stats
Answer % Correct
Choose
100%
choose
100%
I
100%
a
95%
if
89%
in
79%
life
79%
Life.
79%
an
68%
on
63%
or
58%
the
58%
and
53%
And
53%
it.
53%
it
53%
who
53%
drug
47%
So
47%
up
47%
you
47%
do.
42%
for
42%
for.
42%
with
42%
all
37%
as
37%
by
37%
face
37%
of
37%
one
37%
to
37%
we
37%
what
37%
zero
37%
be
32%
Facebook
32%
hope
32%
Instagram
32%
look
32%
old
32%
own
32%
some
32%
Twitter
32%
work
32%
add
26%
can
26%
cares.
26%
contract
26%
differently.
26%
done
26%
dose
26%
flames
26%
hour
26%
it's
26%
kids
26%
kitchen.
26%
lingerie
26%
made
26%
pain
26%
porn
26%
revenge
26%
say
26%
that
26%
then
26%
there
26%
they
26%
two
26%
unknown
26%
was
26%
well
26%
wishing
26%
your
26%
1980s
21%
9/11
21%
back
21%
dead
21%
dead.
21%
designer
21%
from
21%
fucking
21%
future
21%
get
21%
had
21%
history
21%
itself.
21%
journey
21%
less
21%
live
21%
looking
21%
love
21%
meaning
21%
might
21%
only
21%
relationship.
21%
repeat
21%
same
21%
shaming
21%
slogan
21%
slut
21%
smother
21%
Snapchat
21%
somebody's
21%
someone
21%
somewhere
21%
watching
21%
worse
21%
you'd
21%
alive
16%
always
16%
anti
16%
bad
16%
better
16%
breath
16%
day
16%
did
16%
don't
16%
endless
16%
example :
16%
fall
16%
feel
16%
happened
16%
happened.
16%
happy.
16%
into
16%
Iphone
16%
Jews.
16%
jokes
16%
keep
16%
kicking
16%
last
16%
make
16%
misogyny.
16%
never
16%
nothing
16%
ones
16%
others
16%
rape
16%
see
16%
sit
16%
tell
16%
things
16%
tide
16%
till
16%
used
16%
vain
16%
ways
16%
will
16%
woman
16%
yourself
16%
you've
16%
abortion
11%
about
11%
across
11%
asian
11%
believe
11%
bile
11%
blogging
11%
brave
11%
breakfast
11%
call
11%
campaign
11%
cashmere
11%
celebrities
11%
China
11%
data.
11%
depressing
11%
desperate
11%
dies
11%
disappointment
11%
firetrap.
11%
first
11%
fresh
11%
gone
11%
handbags.
11%
high-heeled
11%
hoped
11%
human
11%
interaction
11%
jacket
11%
jumped
11%
knew
11%
learning
11%
left
11%
losing
11%
maybe
11%
met.
11%
mistakes.
11%
more
11%
out
11%
passes
11%
people
11%
piece
11%
pocket
11%
profile
11%
promise
11%
rather
11%
reconciliation
11%
reduced
11%
screaming
11%
Settle
11%
shoes
11%
silk
11%
slow
11%
south
11%
spew
11%
stick
11%
surgery.
11%
ten
11%
than
11%
them
11%
thousand
11%
unfulfilled
11%
until
11%
updating
11%
Veronika.
11%
view
11%
wank
11%
who've
11%
window
11%
world
11%
towards
5%
No matching quizzes found
Score Distribution
Percent of People with Each Score
Percentile by Number Answered
Your Score History
You have not taken this quiz